000 00588nam a2200193 i 4500
001 92425
003 ES-MaACL
005 20250826060649.0
007 t|
008 050307s1978 sp ||||1| spa d
100 1 _aLinaza Artiñano, Francisco.
_972363
245 1 0 _aCausas psicosociales del accidente de trabajo /
_cFrancisco Linaza Artiñano.
250 _a[1ª ed.].
260 _a[Madrid] :
_bFrancisco Linaza Artiñano,
_c1978.
300 _a493 p. ;
_c24 cm.
650 1 7 _aAccidentes de trabajo
_2embne
_99573
852 _aES-MaACL
_jA-9008
_bR.97972
999 _c92425
_d92425